Duty of care deeds and commercial property (Record no. 107409)

MARC details
000 -LEADER
fixed length control field 01199cam a22002295a 4500
001 - CONTROL NUMBER
control field L140037
008 - FIXED-LENGTH DATA ELEMENTS--GENERAL INFORMATION
fixed length control field 070830s2007 xxka f 000 0 eng d
035 ## - SYSTEM CONTROL NUMBER
System control number (Sirsi) u140037
041 0# - LANGUAGE CODE
Language code of text/sound track or separate title eng
050 04 - LIBRARY OF CONGRESS CALL NUMBER
Classification number 333.337 $2 18
110 2# - MAIN ENTRY--CORPORATE NAME
Corporate name or jurisdiction name as entry element Royal Institution of Chartered Surveyors
9 (RLIN) 4900
245 00 - TITLE STATEMENT
Title Duty of care deeds and commercial property
Remainder of title what the property manager needs to know
Medium [electronic resource]
260 ## - PUBLICATION, DISTRIBUTION, ETC.
Place of publication, distribution, etc. London
Name of publisher, distributor, etc. RICS
Date of publication, distribution, etc. 2007
300 ## - PHYSICAL DESCRIPTION
Extent 9p.
Dimensions 30cm.
520 ## - SUMMARY, ETC.
Summary, etc. Explains the purpose and ramifications of Duty of Care Deeds. Many property managers are being asked to sign these forms when clients refinance. Explains why they are used, and suggests an approach to take when presented with such a document. Includes sample wording aimed at limiting liability. Provides advice for negotiating the deeds and for ensuring that agreements posing unacceptable risk are not entered into.
590 ## - LOCAL NOTE (RLIN)
Local note KA
651 #4 - SUBJECT ADDED ENTRY--GEOGRAPHIC NAME
Geographic name United Kingdom
Chronological subdivision
690 ## - LOCAL SUBJECT ADDED ENTRY--TOPICAL TERM (OCLC, RLIN)
Topical term or geographic name as entry element PROPERTY-COMMERCIAL PROPERTY-COMMERCIAL PROPERTY MANAGEMENT
856 40 - ELECTRONIC LOCATION AND ACCESS
Uniform Resource Identifier <a href="https://www.rics.org/Global/Downloads/DutyCareDeeds.pdf">https://www.rics.org/Global/Downloads/DutyCareDeeds.pdf</a>
Public note View 'Duty of care deeds and commercial property' at www.rics.org
942 ## - ADDED ENTRY ELEMENTS (KOHA)
Suppress in OPAC 0
Holdings
Withdrawn status Lost status Source of classification or shelving scheme Damaged status Not for loan Home library Current library Shelving location Date acquired Total Checkouts Full call number Barcode Date last seen Copy number Price effective from Koha item type Date last checked out
    Dewey Decimal Classification     London London RICS Boxes 30/08/2007   RICS 2007/36 30071066 06/08/2019 1 06/08/2019 Reference material  
    Dewey Decimal Classification     London London RICS Boxes 20/05/2009   RICS 2007/36 30071065 06/08/2019 3 06/08/2019 Archive  
    Dewey Decimal Classification     London London RICS Boxes 30/08/2007 3 RICS 2007/36 30071068 06/08/2019 4 06/08/2019 Book 10/04/2008